02304agaaa2200301 45000010005000000030009000050050017000140070009000310080040000400400023000800410013001031000052001161300058001682450275002262500022005012600094005233000033006175080181006505200767008315380016015985460013016146500058016277000050016857000069017357000064018047000064018687000070019324116IT-RoPAU20220918181222.0d cvaizq50131s9999||||xx ||| | || ||und|| aIT-RoPAUcIT-RoPAU aITALIANO aDi Diodato RobertogCodice regista SPICS: 55765 aCAMMINO DI DIO CON L'UOMO (IL) - IL TEMPO DEI GIUDICI aCAMMINO DI DIO CON L'UOMO (IL) - IL TEMPO DEI GIUDICIcProdotto da: Telenova-Sat2000-Ita -- Sceneggiatura: Gianantonio Borgonovo, Primo Gironi -- Diretto da: Di Diodato RobertopCAMMINO DI DIO CON L'UOMO (IL) - IL TEMPO DEI GIUDICI (Rif. Codice opera principale : H4116) aEdizione Standard aMILANO (ITALIA)bMULTIMEDIA SAN PAOLO / g"2003 (1° ed.: 2003 ; Ed. Lingua Orig.: 2003)" aVHSbsonoro, col.c55 minuti a"Fotografia: Soetje Russo Melis; Montaggio: Maurizio Alba; Musica: AA.VV. ; Sceneggiatura: Gianantonio Borgonovo, Primo Gironi; Soggetto: Borgonovo Gianantonio -- Gironi Primo" a"""IL CAMMINO DI DIO CON L'UOMO"" E' LA PIU' RECENTE E APPROFONDITA INDAGINE SULLE PAGINE PIU' DIFFICILI E MENO CONOSCIUTE DELL'ANTICO TESTAMENTO. UNA SPECIE DI GRANDE QUARK CHE INTENDE AVVICINARE LA GENTE ALLA PAROLA DI DIO PER FARNE SCOPRIRE IL FASCINO ETERNO E MISTERIOSO. LE IMMAGINI SONO STATE GIRATE NEI LUOGHI PIU' IMPORTANTI E NEI SITI ARCHEOLOGICI PIU' ANTICHI E SUGGESTIVI DEL VICINO ANTICO ORIENTE. EPISODI DI QUESTA CASSETTA N.33: 1. CHI ERANO I GIUDICI?; 2. I FILISTEI, POPOLI DEL MARE; 3. LO SCHEMA TEOLOGICO DEI RACCONTI DEI GIUDICI; 4. GIUDICI MAGGIORI E GIUDICI MINORI; 5. DEBORA, L'APE; 6. IL CANTICO DI DEBORA; 7. GEDEONE A BETSHEAN; 8. JEFTE E IL SACRIFICIODELLA FIGLIA; 9. IL ROMANZO DI SANSONE; 10. SAMUELE, ULTIMO GIUDICE E PRIMO PROFETA." aPAL, STEREO aITALIANO aDOCUMENTARIOeFILMS [VHS]xCodice MATERIA SPICS: 9960 aAA.VV. e(musica)gCodice Musica SPICS: 12000 aBorgonovo Gianantonio e(soggetto)gCodice Soggetto SPICS: 57465 aDi Diodato Roberto e(regista)gCodice regista SPICS: 55765 aGironi Primo e(soggetto)gCodice Soggetto 2° SPICS: 34827 aGiuliani Stefaniae(regista)gCodice secondo regista SPICS: 57464